000
00347nam a2200145Ia 4500
008
151213s9999 xx 000 0 und d
100
_a
John keats
245
_a
The poems of John Keats
_c
John keats
260
_a
New Delhi
_b
Rupa
_c
2003
300
_a
2119 p.
650
_a
English
650
_a
English
700
_a
John keats
999
_c
1562
_d
1562